000 00910cam a2200265 a 4500
001 000005515
005 20200929151709.0
008 971230s1997 sp b 001 1 spa
020 _a8437615372
040 _aDO-SdBNP
_cDLC
082 _a863.5
_bP226p
100 1 _aPardo Bazán, Emilia,
_ccondesa de,
_d1852-1921.
_93459
245 1 4 _aLos pazos de Ulloa /
_cEmilia Pardo Bazán ; edición, Ma. de los Ángeles Ayala.
260 _aMadrid :
_bCátedra,
_c1997.
300 _a405 p. ;
_c18 cm.
490 1 _aLetras hispánicas
_v425
504 _aIncluye referencias bibliográficas (p. 81-88).
650 4 _aNovela española
_91123
650 4 _aLiteratura española
_9632
600 1 4 _aPARDO BAZÁN, EMILIA,
_cCONDESA DE,
_d1852-1921.
_93459
700 1 _aAyala, María de los Ángeles,
_eed.
_915619
830 0 _aLetras hispánicas ;
_v425
_94208
910 _aCatalogación por copia / LC
910 _aWM
999 _c5314
_d5314